Mathematical modeling and computer simulation /
Guardado en:
| Autor Principal: | |
|---|---|
| Otros Autores: | |
| Formato: | Libro |
| Idioma: | English |
| Publicado: |
Southbank, Victoria ; Belmont, CA :
Thomson Brooks/Cole,
c2006.
|
| Materias: | |
| Etiquetas: |
Agregar Etiqueta
Sin Etiquetas, Sea el primero en etiquetar este registro!
|
| LEADER | 00755cam a22002297a 4500 | ||
|---|---|---|---|
| 001 | MAT.inmabb004772 | ||
| 008 | 040701s2006####cauab#########001#0#eng#d | ||
| 005 | 20160622124613.0 | ||
| 245 | 1 | 0 | |a Mathematical modeling and computer simulation / |c Daniel P. Maki, Maynard Thompson. |
| 260 | |a Southbank, Victoria ; Belmont, CA : |b Thomson Brooks/Cole, |c c2006. | ||
| 300 | |a xvi, 285 p. : |b il., maps ; |c 25 cm. | ||
| 500 | |a Incluye índice. | ||
| 510 | 4 | |a MR, |c *REVIEW #* | |
| 020 | |a 0534384781 | ||
| 100 | 1 | |a Maki, Daniel P. | |
| 700 | 1 | |a Thompson, Maynard. | |
| 650 | 0 | |a Computer simulation. | |
| 650 | 0 | |a Mathematical models. | |
| 084 | |a 00A71 (68U20 65CXX) |2 MR | ||
| 010 | |a 2004109840 | ||
| 040 | |a BGU |c BGU |d DLC | ||
| 859 | |h 00A71 |i M235 |p A-8478 |b BIB. MATEMATICA | ||
